| 000 | 01875nam0a2200361 4500 | ||
|---|---|---|---|
| 001 | RU\NLR\bibl\1199720 | ||
| 005 | 20260405174605.0 | ||
| 010 |
_a978-5-7882-0467-3 _9100 |
||
| 021 |
_aRU _b2008-3741 _9197 |
||
| 035 | _a(NLR Aleph) 001186228 | ||
| 090 |
_a1688670 _c1688670 |
||
| 100 | _a20080312d2007 |||y0rusy50 ca | ||
| 101 | 0 | _arus | |
| 102 | _aRU | ||
| 105 | _ay ||||||||| | ||
| 200 | 1 |
_aПсихология и педагогика _eучебное пособие _fО.Ю. Хацринова, Т.А. Старшинова, Е.В. Загайнова, В.Г. Иванов _gФедер. агентство по образованию, Гос. образоват. учреждение высш. проф. образования "Казан. гос. технол. ун-т" |
|
| 210 |
_aКазань _cКГТУ _d2007 |
||
| 215 |
_a91 с. _d21 |
||
| 320 | _aБиблиогр.: с. 14-15 | ||
| 606 | 1 |
_aПсихология _jУчебные издания для высших учебных заведений _9931820 _3RU\NLR\auth\6624683 |
|
| 606 | 1 |
_aПедагогика _jУчебные издания для высших учебных заведений _9921924 _3RU\NLR\auth\6619222 |
|
| 686 | _aЮ93я73 | ||
| 686 | _aЧ31я73 | ||
| 701 | 1 |
_4070 _8rus _7ca _aХацринова _bО. Ю. _f1967- _gОльга Юрьевна _3RU\NLR\auth\7775808 _958736 |
|
| 701 | 1 |
_aСтаршинова _bТ. А. _gТатьяна Александровна _4070 |
|
| 701 | 1 |
_aЗагайнова _bЕ. В. _gЕлена Вениаминовна _4070 |
|
| 701 | 1 |
_4070 _8rus _7ca _aИванов _bВ. Г. _cд-р пед. наук, канд. техн. наук _f1950- _gВасилий Григорьевич _3RU\NLR\AUTH\7736415 _919405 |
|
| 801 | 0 |
_aRU _bNLR _c20080312 _gRCR |
|
| 801 | 1 |
_aRU _bNLR _c20080312 |
|
| 830 | _aАвт. по кн. | ||
| 942 | _cBOOK | ||
| 980 | _aNB | ||